Histoire du Parti communiste francais de 1920 a 1976

Αποθηκεύτηκε σε:
Λεπτομέρειες βιβλιογραφικής εγγραφής
Κύριος συγγραφέας: Fauvet, Jacques
Μορφή: Βιβλίο
Γλώσσα:French
Δημοσίευση: Paris : Fayard, 1977
Έκδοση:nouv. ed., rev et aug.
Σειρά:Grandes etudes contemporaines
Θέματα:
Ετικέτες: Προσθήκη ετικέτας
Δεν υπάρχουν, Καταχωρήστε ετικέτα πρώτοι!

MARC

LEADER 00000cam a2200000 i 4500
001 1/29275
008 060512s1977 fre d
035 |l 10083858 
040 |a GR-MY-UA  |b gre  |e aacr 
041 0 |a fre 
082 0 |a 324.244075  |2 (22) 
100 1 |a Fauvet, Jacques. 
245 1 0 |a Histoire du Parti communiste francais de 1920 a 1976 /  |c Jacques Fauvet ; en collaboration avec Alain Duhamel 
250 |a nouv. ed., rev et aug. 
260 |a Paris :   |b Fayard,   |c 1977 
300 |a 605 σ.;  |c 22 εκ. 
490 1 |a Les Grandes tudes contemporaines 
504 |a Περιέχει βιβλιογραφία (σ. [597]-599) 
610 1 0 |a Parti communiste francais  |x History. 
700 1 |a Duhamel, Alain  |d 1940-  |4 oth 
830 0 |a Grandes etudes contemporaines 
852 |a INST  |b LESVOS  |e 20060512  |h 324.244075 FAU  |p 005100034954  |q 005100034954  |t BK  |y 0 
901 |a BIBL1-2006-2 
909 |a Λ  |b 124068 
970 |a ΚΑΡΑ  |b ΓΙΑΣΕΜΗ  |z 2006/05/12